Albânia - Statistics

Estatísticas Gerais
  • Esse quiz foi jogado 19 vezes
  • A pontuação média é 8 de 15
Estatísticas das Respostas
Hint Resposta % Correto
Qual é o seu código ISO? AL
100%
Com quantos países faz fronteira? 5
93%
Qual é o seu idioma? Albanês
93%
Qual é a sua capital? Tirana
93%
Em que continente fica? Europa
87%
De que cor é a sua bandeira? Vermelha
73%
De que império fez parte? Otomano
67%
Qual o mar com que faz fronteira? Mar Adriático
47%
Em que península fica? Balcânica
33%
Qual é o outro mar que rodeia a Albânia? Jónico
27%
Qual é a sua moeda? Lek
27%
Qual é o símbolo nacional da Albânia? Águia-real
20%
Como se chama o seu doce típico? Baclava
0%
Qual é o lago que está sobre a proteção da Organização das Nações Unidas para a Educação, a Ciência e a Cultura? Lago Acrida
0%
Como se chama a sua maior montanha? Monte Korab
0%
Nenhum quiz correspondente encontrado
Distribuição das Pontuações
Porcentagem de Pessoas com Cada Pontuação
Percentil de Números Respondidos
Sua Pontuação Histórica
Você não jogou esse quiz